Vista normal
Vista MARC
Entrada Personal Name
Número de registros utilizados en: 1
001 - CONTROL NUMBER
- control field: 17127
003 - CONTROL NUMBER IDENTIFIER
- control field: DLC
005 - DATE AND TIME OF LATEST TRANSACTION
- control field: 20250603083838.0
008 - FIXED-LENGTH DATA ELEMENTS
- fixed length control field: 880112n| azannaabn |a aaa
010 ## - LIBRARY OF CONGRESS CONTROL NUMBER
- LC control number: n 88602002
035 ## - SYSTEM CONTROL NUMBER
- System control number: (OCoLC)oca02179629
040 ## - CATALOGING SOURCE
- Original cataloging agency: DLC
- Language of cataloging: spa
- Description conventions: rda
- Transcribing agency: Mx-PuUPA
- Modifying agency: DLC
- Modifying agency: OCoLC
- Modifying agency: UPB
- Modifying agency: Mx-PuUPA
046 ## - SPECIAL CODED DATES
- Birth date: 1891
- Death date: 1969
- Source of date scheme: edtf
053 #0 - LC CLASSIFICATION NUMBER
- Classification number element--single number or beginning number of span: PQ7297.U75
100 1# - HEADING--PERSONAL NAME
- Personal name: Urquizo, Francisco L.,
- Fuller form of name: (Francisco Luis),
- Dates associated with a name: 1891-1969
370 ## - ASSOCIATED PLACE
- Associated country: México
- Source of term: naf
374 ## - OCCUPATION
- Occupation: Autor
- Occupation: Soldado
- Source of term: lcsh
375 ## - GENDER
- Gender: hombre
- Source of term: lcdgt
377 ## - ASSOCIATED LANGUAGE
- Language code: spa
378 ## - FULLER FORM OF PERSONAL NAME
- Fuller form of personal name: Francisco Luis Urquizo Benavides
400 1# - SEE FROM TRACING--PERSONAL NAME
- Control subfield: nna
- Personal name: Urquizo, Francisco Luis,
- Dates associated with a name: 1891-1969
400 1# - SEE FROM TRACING--PERSONAL NAME
- Personal name: Urquizo, F. L.
- Fuller form of name: (Francisco Luis),
- Dates associated with a name: 1891-1969
400 1# - SEE FROM TRACING--PERSONAL NAME
- Personal name: Urquizo Benavides, Francisco Luis,
- Dates associated with a name: 1891-1969
670 ## - SOURCE DATA FOUND
- Source citation: nuc87-30064: His Tropa vieja, 1979
- Information found: (hdg. on CtY rept.: Urquizo, Francisco Luis, 1891- ; usage: Francisco L. Urquizo)
670 ## - SOURCE DATA FOUND
- Source citation: LC data base, 1-12-88
- Information found: (hdg.: Urquizo, Francisco Luis, 1891- ; usage: Francisco L. Urquizo)
670 ## - SOURCE DATA FOUND
- Source citation: His Fui soldado de levita, 1989:
- Information found: t.p. (Francisco L. Urquizo) spine (F.L. Urquizo)
670 ## - SOURCE DATA FOUND
- Source citation: Tropa nueva, 2004:
- Information found: t.p. (Francisco L. Urquizo) verso of t.p. (Francisco Luis Urquizo Benavides, 1891-1969)
670 ## - SOURCE DATA FOUND
- Source citation: Memorias de campañas, 1985:
- Information found: title page (Francisco L. Urquizo) page 4 of cover (participated in the Mexican Revolution, serving as a soldier to Madero and Carranza)